000 01553nam a2200373Ia 4500
001 ebr10588734
003 CaPaEBR
006 m u
007 cr cn|||||||||
008 971204s1998 nyu sb 001 0beng d
010 _z 97050607
020 _z9780791438176
020 _z9781438409658
020 _z0791438171
020 _z079143818X (pbk. : alk. paper)
040 _aCaPaEBR
_cCaPaEBR
035 _a(OCoLC)42855920
050 1 4 _aBM755.H318
_bK73 1998eb
082 0 4 _a296.8/332/092
_aB
_221
100 1 _aKrassen, Miles.
245 1 0 _aUniter of heaven and earth
_h[electronic resource] :
_bRabbi Meshullam Feibush Heller of Zbarazh and the rise of Hasidism in Eastern Galicia /
_cMiles Krassen.
260 _aAlbany, N.Y. :
_bState University of New York Press,
_cc1998.
300 _a309 p.
440 0 _aSUNY series in Judaica
504 _aIncludes bibliographical references (p. [285]-299) and index.
533 _aElectronic reproduction.
_bPalo Alto, Calif. :
_cebrary,
_d2011.
_nAvailable via World Wide Web.
_nAccess may be limited to ebrary affiliated libraries.
600 1 0 _aHeller, Meshullam Feivush,
_dd. ca. 1795.
650 0 _aRabbis
_zUkraine
_zGalicia, Eastern
_vBiography.
650 0 _aHasidim
_zUkraine
_zGalicia, Eastern
_vBiography.
650 0 _aHasidism
_zUkraine
_zGalicia, Eastern
_xHistory.
655 7 _aElectronic books.
_2local
710 2 _aebrary, Inc.
856 4 0 _uhttp://site.ebrary.com/lib/rucke/Doc?id=10588734
_zAn electronic book accessible through the World Wide Web; click to view
999 _c104200
_d104200